000 01206nam a2200313 a 4500
999 _c3433
_d3433
003 AKMAL
005 20170523084510.0
008 170523s2000 my da e | 000 0 eng d
020 _a9789678921305 (pbk.)
040 _aAKMAL
082 0 4 _a658.4063 ZAI
_222
090 0 0 _a658.4063
_bZAI
100 0 _aZaid Hamzah
_96912
245 1 0 _aCreating value from technology innovation :
_bleveraging innovation law to secure returns from innovation investment /
_cZaid Hamzah
260 _aPetaling Jaya :
_bInternational Law Book Services,
_c[200?]
300 _axxxv, 248p. :
_bcol. ill. ;
_c23cm.
650 1 0 _aTechnological innovations
_91037
650 2 0 _aTechnological innovations
_xManagement
_96891
942 _2ddc
_cBOOK